000 00752cam a22002171 4500
001 sa 68020588
003 DLC
005 20260227112725.0
008 930217s1966 io 100 0 ind
010 _asa 68020588
025 _aPL480:Indo-5764
035 _a(OCoLC)27458648
040 _aDLC
_cCU
_dCU
_dDLC
042 _apremarc
050 0 0 _aHC447
_b.G37
245 0 0 _aGaris-garis besar kebidjaksanaan dan rentjana-pelaksanaan stabilisasi ekonomi
_c[hasil Seminar AD ke-II, tanggal 25 s/d 31 Agustus 1966, di Grha Wiyata Yudha/Seskoad.
260 _aBandung,
_c1966]
300 _a84 l.
_c33 cm.
651 0 _aIndonesia
_xEconomic policy
_vCongresses.
711 2 _aSeminar Angkatan Darat
_n(2d :
_d1966 :
_cSekolah Staf dan Komando Angkatan Darat)
999 _c89512
_d89512